| 000 | 01459nam a2200373Ia 4500 | ||
|---|---|---|---|
| 001 | ebr10568904 | ||
| 003 | CaPaEBR | ||
| 006 | m u | ||
| 007 | cr cn||||||||| | ||
| 008 | 051017s2006 gaua sb s001 0 eng d | ||
| 010 | _z 2005030335 | ||
| 020 | _z082032812X | ||
| 020 | _z9780820328126 | ||
| 020 | _z9780820343952 | ||
| 040 |
_aCaPaEBR _cCaPaEBR |
||
| 035 | _a(OCoLC)794449342 | ||
| 050 | 1 | 4 |
_aPS217.B63 _bP88 2006eb |
| 082 | 0 | 4 |
_a810.9/3561 _222 |
| 100 | 1 | _aPutzi, Jennifer. | |
| 245 | 1 | 0 |
_aIdentifying marks _h[electronic resource] : _brace, gender, and the marked body in nineteenth-century America / _cJennifer Putzi. |
| 260 |
_aAthens : _bUniversity of Georgia Press, _cc2006. |
||
| 300 |
_axii, 195 p. : _bill. |
||
| 504 | _aIncludes bibliographical references and index. | ||
| 533 |
_aElectronic reproduction. _bPalo Alto, Calif. : _cebrary, _d2011. _nAvailable via World Wide Web. _nAccess may be limited to ebrary affiliated libraries. |
||
| 650 | 0 |
_aAmerican literature _y19th century _xHistory and criticism. |
|
| 650 | 0 |
_aBranding (Punishment) _zUnited States. |
|
| 650 | 0 | _aHuman body in literature. | |
| 650 | 0 | _aRace in literature. | |
| 650 | 0 | _aSex role in literature. | |
| 650 | 0 |
_aTattooing _zUnited States. |
|
| 655 | 7 |
_aElectronic books. _2local |
|
| 710 | 2 | _aebrary, Inc. | |
| 856 | 4 | 0 |
_uhttp://site.ebrary.com/lib/rucke/Doc?id=10568904 _zAn electronic book accessible through the World Wide Web; click to view |
| 999 |
_c81810 _d81810 |
||